Online Catalogue and eLibrary

Information Technology (Record no. 633)

MARC details
000 -LEADER
fixed length control field 00452nam a2200169Ia 4500
005 - DATE AND TIME OF LATEST TRANSACTION
control field 20240627070952.0
008 - FIXED-LENGTH DATA ELEMENTS--GENERAL INFORMATION
fixed length control field 240331s9999 xx 000 0 und d
020 ## - INTERNATIONAL STANDARD BOOK NUMBER
ISBN 0750626771
082 ## - DDC Classification
Class No. 004.6
Item Number - Author Mark CAR
100 ## - MAIN ENTRY--PERSONAL NAME
Personal name Carter, R
245 #0 - TITLE STATEMENT
Title Information Technology
250 ## - EDITION STATEMENT
Edition statement 2 nd
260 ## - PUBLICATION, DISTRIBUTION, ETC.
Place of publication, distribution, etc. Oxford
Name of publisher, distributor, etc. A division of reed educational & Professional Publishing Ltd
Date of publication, distribution, etc. 1996
300 ## - PHYSICAL DESCRIPTION
Extent (e.g. Volumes, Pages etc.) ix, 169 p .,
650 ## - SUBJECT ADDED ENTRY--TOPICAL TERM
Topical term or geographic name entry element information technology
942 ## - Koha item type (Biblio)
Koha item type Books in Stacks (Lending)
Holdings
Lost status Damaged status Collection code Home library Current library Shelving location Date acquired Full call number Accession Number Item type
    Lending WERC Library WERC Library Social Science Cupboard 03/31/2024 004.6 CAR 1828 Books in Stacks (Lending)

© WERC Library